| 000 | 01944nam0a2200373 4500 | ||
|---|---|---|---|
| 001 | RU\NLR\BIBL_A\016214687 | ||
| 005 | 20230203103300.0 | ||
| 010 |
_a978-5-9909471-0-8 _95000 |
||
| 021 |
_aRU _bКН-П-22-073099 _9КН-П-22-6361 |
||
| 035 | _a(NLR Aleph) 016214687 | ||
| 035 | _a(RuMoRGB)011300302 | ||
| 090 |
_a12718482 _c12718482 |
||
| 100 | _a20221122d2022 u y0rusy50 ca | ||
| 101 | 0 | _arus | |
| 102 | _aRU | ||
| 105 | _aac z 000ay | ||
| 181 | 0 |
_ai _baxxe |
|
| 182 | 0 | _an | |
| 200 | 1 |
_aМама-Африка _fВиктор Пипа' |
|
| 203 |
_aТекст _bвизуальный _cнепосредственный |
||
| 210 |
_aСанкт-Петербург _cБуквинс _d2022 |
||
| 215 |
_a205 с. _cцв. ил., портр. _d21 |
||
| 330 | _aВ Сахаре живёт кочующее племя тубу, средняя продолжительность жизни в котором сто восемь лет. Чтобы узнать секрет долгожителей, журналист Рени' Лоран отправляется в глубину африканского континента. По дороге девушка встречается с русским лётчиком Костей. Невероятные приключения и яркие характеры героев погружают нас в удивительный мир настоящей, во многом ещё не познанной Африки | ||
| 333 | _a12+ | ||
| 607 |
_aАфрика _xОписание и путешествия _91064754 _3RU\NLR\AUTH\6695319 |
||
| 675 |
_a821.161.1-31 _v4 |
||
| 686 | 1 | _aД890(6)02 | |
| 686 | 2 | _aШ6(2=Р)8-4 | |
| 700 | 1 |
_7ca _8rus _aПипа _bВ. А. _f1971- _gВиктор Александрович _9251888 _3RU\NLR\AUTH\770251944 |
|
| 942 | _cBOOK | ||
| 980 | _aNB | ||